प्रबंध और परिचय / (Record no. 115200)

MARC details
000 -LEADER
fixed length control field 01225nam a22002897a 4500
005 - DATE AND TIME OF LATEST TRANSACTION
control field 20170124103020.0
010 ## - LIBRARY OF CONGRESS CONTROL NUMBER
LC control number 027192
020 ## - INTERNATIONAL STANDARD BOOK NUMBER
Terms of availability 01.50.00
035 ## - SYSTEM CONTROL NUMBER
System control number 027192
037 ## - SOURCE OF ACQUISITION
Source of stock number/acquisition Cen Lib/Ret
040 ## - CATALOGING SOURCE
Original cataloging agency DPL
Language of cataloging HN
082 ## - DEWEY DECIMAL CLASSIFICATION NUMBER
Classification number 921
Item number जेफरसन
100 ## - MAIN ENTRY--PERSONAL NAME
Personal name जेफरसन
9 (RLIN) 500
245 ## - TITLE STATEMENT
Title प्रबंध और परिचय /
Statement of responsibility, etc जेफरसन ;सम्पादक एड्रीन कौच [एवं] विलियम पेड़न
246 ## - VARYING FORM OF TITLE
Title proper/short title Prabandh aur parichya
Remainder of title by Jefrson ;sampadak Adreen koch [evam] william Pedan
260 ## - PUBLICATION, DISTRIBUTION, ETC. (IMPRINT)
Place of publication, distribution, etc नई दिल्ली
Name of publisher, distributor, etc आधुनिक साहित्य प्रकाशन
270 ## - ADDRESS
Address नई दिल्ली
City नई दिल्ली
300 ## - PHYSICAL DESCRIPTION
Extent 254पृष्ठ.
Dimensions 16सेमी(सजिल्द)
500 ## - GENERAL NOTE
General note
650 ## - SUBJECT ADDED ENTRY--TOPICAL TERM
Topical term or geographic name as entry element हिंदी साहित्य
9 (RLIN) 60357
650 ## - SUBJECT ADDED ENTRY--TOPICAL TERM
Topical term or geographic name as entry element जेफरसन का लेख
9 (RLIN) 48089
650 ## - SUBJECT ADDED ENTRY--TOPICAL TERM
Topical term or geographic name as entry element Hindi literature
9 (RLIN) 60358
650 ## - SUBJECT ADDED ENTRY--TOPICAL TERM
Topical term or geographic name as entry element Jefferson article
9 (RLIN) 60359
700 ## - ADDED ENTRY--PERSONAL NAME
Personal name कोच,एड्रीन
9 (RLIN) 60360
700 ## - ADDED ENTRY--PERSONAL NAME
Personal name पेड़न , विलियम
9 (RLIN) 210
942 ## - ADDED ENTRY ELEMENTS (KOHA)
Source of classification or shelving scheme Dewey Decimal Classification
Koha item type Hindi Books
Classification part 921
Call number suffix जेफरसन
Holdings
Withdrawn status Lost status Damaged status Not for loan Home library Current library Date acquired Source of acquisition Cost, normal purchase price Total Checkouts Full call number Barcode Date last seen Copy number Cost, replacement price Price effective from Koha item type
        Central Library Central Library 19/08/2015 Cen Lib/Ret 1.50   921 जेफरसन 027192 19/08/2015 1 1.50 19/08/2015 Hindi Books

© Delhi Public Library
Hit Counter
free hit counter